LEADER 01599nam0 2200397 i 450 001 VIA0311172 005 20231121125926.0 010 $a9788831722537 020 $aIT$b2016-2709 100 $a20210127d2015 ||||0itac50 ba 101 | $aeng$aita 102 $ait 181 1$6z01$ai $bxxxe 182 1$6z01$an 200 1 $a˜Una œmodesta proposta per evitare che i figli degli Irlandesi indigenti siano di peso ai genitori o al Paese, facendone un beneficio per tutti$fJonathan Swift$ga cura di Luciana Pirč 210 $aVenezia$cMarsilio$d2015 215 $a81 p.$d19 cm 225 | $aLetteratura universale Marsilio$v320 225 | $aElsinore 300 $aTraduzione italiana a fronte di L. Pirč. 312 $aTitolo sul dorso: ˜Una œmodesta proposta$9PAL0124584 410 0$1001CFI0504926$12001 $aLetteratura universale Marsilio$v320 410 0$1001RAV0225993$12001 $aElsinore 500 10$a˜A œmodest proposal$3RAV0049744$9CFIV004182$93416320 517 1 $a˜Una œmodesta proposta$9PAL0124584 700 1$aSwift$b, Jonathan$3CFIV004182$4070$0154535 702 1$aPirč$b, Luciana$3CFIV112105$4340 790 1$aSwift$b, Dean$3PALV039917$zSwift, Jonathan 801 3$aIT$bIT-01$c20210127 850 $aIT-FR0017 899 $aBiblioteca umanistica Giorgio Aprea$bFR0017 $eN 912 $aVIA0311172 950 0$aBiblioteca umanistica Giorgio Aprea$d 52MAG 15/648$e 52DUP0009048695 VMN RS $fA $h20210127$i20210127 977 $a 52 996 $aModest Proposal$93416320 997 $aUNICAS